| 000 | 01354nam a22003737a 4500 | ||
|---|---|---|---|
| 005 | 20170829104805.0 | ||
| 008 | 170829b2013 ck ||||| |||| 00| 0 spa d | ||
| 020 | _a9789588490144 | ||
| 040 |
_aCO-BoIAVH _cCO-BoIAVH |
||
| 041 | _aspa | ||
| 044 | _ack | ||
| 082 |
_a633.73 _bC39m |
||
| 110 | 2 | _aCenicafe | |
| 245 | 1 | 0 |
_aManual del Cafetero Colombiano: _binvestigación y tecnología para la sostenibilidad de la cafitultura |
| 260 |
_aBogotá: _bCenicafe, _c2013. |
||
| 300 |
_a3 tomos _bfotografías, mapas, gráficas _c28 x 21 |
||
| 650 | 1 | 4 |
_aCafe _vInvestigación |
| 650 | 1 | 4 |
_aFactores climáticos _vSuelos |
| 650 | 1 | 4 |
_aCafe _vTaxonomía |
| 650 | 1 | 4 |
_aCafe _vClasificación |
| 650 | 1 | 4 |
_aPlanta de cafe _vEstructura _xFuncionamiento |
| 650 | 1 | 4 |
_aConservación _vRecursos naturales |
| 650 | 1 | 4 |
_aRecurso Hidrico _xConservación |
| 650 | 1 | 4 | _aGerminadores y almacijos |
| 650 | 1 | 4 | _aCultivo |
| 650 | 1 | 4 |
_aPlagas _xManejo |
| 650 | 1 | 4 |
_aCafe _vCosecha |
| 650 | 1 | 4 |
_aCafe _vPostcosecha y subproductos |
| 650 | 1 | 4 |
_aZonas cafeteras _xConservación |
| 650 | 1 | 4 |
_aCafe _vcriterios de sostenibilidad |
| 650 | 1 | 4 |
_aCaficultura _vRetos |
| 710 | _aFederación Nacional de Cafeteros de Colombia | ||
| 942 |
_2ddc _cLIBRO |
||
| 999 |
_c19783 _d19783 |
||